000 00905nam a22003137a 4500
001 BR8305075
003 BR-BrBNA
005 20230928091749.0
007 ta
008 230509b bl.||||| |||| 00| 0 por d
040 _aBR-BrBNA
_bpor
_cBiblioteca Nacional de Agricultura
041 _a(Por)
072 _aE30; E15; C00
_b/G514
090 _ E30 BR8305075
110 1 _aFundacao Catarinense do Trabalho, Florianopolis, SC (Brasil)
_94796
245 1 _aProjeto de desenvolvimento da atividade cooperativa [Santa Catarina, Brasil]
260 3 _aFlorianopolis, SC (Brasil):
_c[nd].
300 _a14 p.
500 _aPublished 1983?
650 _aPROJETO DE DESENVOLVIMENTO
650 _aCOOPERATIVA
650 _aTRABALHADOR RURAL
650 _aTREINAMENTO
650 _aORCAMENTO
650 _aCUSTO
650 _aSANTA CATARINA
909 _a202309
_bLucia
_c55
_dLucia Elande
942 _cBK
999 _c35406
_d35406